[Event "Perth Metro CC-chC"]
[Site "Perth"]
[Date "2006.03.02"]
[Round "3"]
[White "Arnold, A."]
[Black "Wong, Gabriel"]
[Result "1-0"]
[WhiteElo "1318"]
[BlackElo "1316"]
[PlyCount "45"]
[EventDate "2006.02.02"]
[EventType "tourn"]
[EventRounds "11"]
[EventCountry "AUS"]
[SourceTitle "EXT 2010"]
[Source "ChessBase"]
[SourceDate "2010.11.25"]
[SourceVersion "1"]
[SourceVersionDate "2010.11.25"]
[SourceQuality "1"]

1. e4 c5 2. Nf3 Nc6 3. d4 cxd4 4. Nxd4 Nf6 5. Nc3 d6 6. f4 Bd7 7. Nxc6 Bxc6 8. Bd3 e6 9. Qe2 Be7 10. Bd2 0-0 11. 0-0-0 Qc7 12. Rde1 Nd7 13. h4 e5 14. f5 a6 15. g4 f6 16. g5 b5 17. Reg1 Rfc8 18. Qh5 Nf8 19. gxf6 Bxf6 20. Bg5 Qf7 21. Bxf6 Qxh5 22. Rxg7+ Kh8 23. Rgg1# 1-0

[Event "Perth Metro CC-chC"]
[Site "Perth"]
[Date "2006.02.23"]
[Round "4"]
[White "Wong, Gabriel"]
[Black "Bell, T."]
[Result "1-0"]
[WhiteElo "1316"]
[BlackElo "1484"]
[PlyCount "49"]
[EventDate "2006.02.02"]
[EventType "tourn"]
[EventRounds "11"]
[EventCountry "AUS"]
[SourceTitle "EXT 2010"]
[Source "ChessBase"]
[SourceDate "2010.11.25"]
[SourceVersion "1"]
[SourceVersionDate "2010.11.25"]
[SourceQuality "1"]

1. e4 Nf6 2. e5 Nd5 3. d4 d6 4. Nf3 Bg4 5. h3 Bh5 6. Qd3 Bxf3 7. Qxf3 dxe5 8. Bc4 e6 9. Qb3 Nb6 10. dxe5 Nc6 11. Bb5 Qd7 12. 0-0 Bc5 13. Bg5 h6 14. Bf4 0-0-0 15. a4 a6 16. a5 Nd5 17. Qc4 axb5 18. Qxc5 Nxf4 19. Nc3 Qd2 20. a6 Nd4 21. Nxb5 Nxb5 22. axb7+ Kb8 23. Qxb5 Nxh3+ 24. Kh2 c5 25. Qc6 1-0

[Event "Perth Respini-D"]
[Site "Perth"]
[Date "2005.10.13"]
[Round "6"]
[White "Wong, Gabriel"]
[Black "Sainsbury, Gerard"]
[Result "1-0"]
[WhiteElo "1184"]
[BlackElo "1174"]
[PlyCount "70"]
[EventDate "2005.09.01"]
[EventType "tourn"]
[EventRounds "9"]
[EventCountry "AUS"]
[SourceTitle "EXT 2010"]
[Source "ChessBase"]
[SourceDate "2010.11.25"]
[SourceVersion "1"]
[SourceVersionDate "2010.11.25"]
[SourceQuality "1"]

1. e4 c5 2. Nf3 e6 3. d4 cxd4 4. Nxd4 Nf6 5. Nc3 Nc6 6. Ndb5 Be7 7. Nd6+ Bxd6 8. Qxd6 Qe7 9. Qg3 g6 10. Bg5 h6 11. Be3 d5 12. exd5 Nxd5 13. Nxd5 exd5 14. 0-0-0 Be6 15. Bb5 a6 16. Ba4 Rc8 17. Rhe1 Qb4 18. Bb3 Ne7 19. Bd4 Nf5 20. Qe5 Rg8 21. Bc3 Qd6 22. Qxd6 Nxd6 23. Bxd5 Kd7 24. Bxb7 Rb8 25. Bxa6 Ra8 26. Bf1 Kc6 27. a3 Rgc8 28. g3 Ra7 29. Bg2+ Kd7 30. Bb4 Ra6 31. Bb7 Rxc2+ 32. Kxc2 Bf5+ 33. Kc1 Rb6 34. Rxd6+ Rxd6 35. Bxd6 Kxd6 1-0